[Event "EICC 2021"]
[Site "Reykjavik"]
[Date "2021.09.04"]
[Round "10.24"]
[White "Nguyen, Thai Dai Van"]
[Black "Sebenik, Matej"]
[Result "1/2-1/2"]
[WhiteElo "2588"]
[BlackElo "2492"]
[Annotator "TA"]
[PlyCount "137"]
[EventDate "2021.08.26"]
[EventType "swiss"]
[EventCountry "ISL"]
[Tiebreak "Cut1 Buchholz"]
[SourceTitle "playchess.com"]
[Source "ChessBase"]
[SourceQuality "1"]

{[%evp 11,137,28,33,26,23,24,25,23,35,27,24,8,28,0,33,-11,25,0,22,9,21,14,24,
32,18,16,28,31,29,34,33,0,0,15,151,141,178,10,64,14,0,-71,-62,-229,-225,-199,
-41,-14,0,-27,-27,-26,0,-147,-139,-221,-213,-285,-279,-568,-110,-227,-227,-278,
-261,-278,-278,-270,-256,-256,-250,-222,-172,-344,-315,-314,-289,-420,-424,
-523,-517,-507,-492,-491,-485,-547,-524,-519,-508,-488,-443,-416,-378,-362,
-339,-339,-339,-524,-524,-1925,-1250,-1925,-1925,-1925,-1921,-1866,-1499,-973,
-524,-524,-524,-524,-524,-524,-524,-524,-524,-524,-524,-524,-524,-524,-524,
-524,-524,-524,-524,-524]} 1. c4 c6 2. d4 d5 3. Nc3 Nf6 4. e3 a6 5. Nf3 b5 6.
b3 Bg4 7. a4 $1 {[%cal Ra4b5][%mdl 4] is now more promising than 7.Be2. D15:
Slav Defence: 4 Nc3 a6 and gambit lines after 4 Nc3 dxc4.} bxc4 8. bxc4 Nbd7 9.
Be2 {[#] White has an edge.} dxc4 $146 ({Predecessor:} 9... e6 10. O-O Bd6 11.
h3 Bh5 12. a5 O-O 13. Ba3 Bxa3 14. Rxa3 dxc4 15. Bxc4 c5 16. dxc5 {1/2-1/2 (44)
Grandelius,N (2691)-McShane,L (2688) Eskilstuna 2019}) 10. O-O e6 11. Bxc4 Bb4
{Strongly threatening ...Bxf3.} 12. Ne2 O-O 13. Bb2 c5 14. Ng3 cxd4 15. Qxd4
Bc5 16. Qc3 Qe7 17. Nd4 Rfc8 {Threatening ...Bd6.} 18. Rfc1 h5 19. h3 h4 $1 {
[%cal Rh4g3]} 20. Nge2 ({Stronger than} 20. hxg4 hxg3 21. fxg3 Nxg4 $19) 20...
Bh5 21. Qb3 Bg6 22. Nf4 Bh7 (22... Be4 $11 {remains equal.} 23. Ndxe6 Rcb8 24.
Nxc5 Rxb3 25. Nxb3 Ne5) 23. Ndxe6 $1 $16 Rcb8 24. Nxc5 (24. Bxf6 $18 Nxf6 25.
Qc3) 24... Rxb3 $11 25. Nxb3 Ne5 26. Nd4 (26. Be2 $11) 26... Qb7 $17 27. Ba3 ({
White has to play} 27. Bb3 $1 $15) 27... g5 $1 $19 {[%cal Rg5f4]} 28. Nfe2 Nxc4
({Black should try} 28... Be4 $1 $19 {Hoping for ...Rc8.} 29. Ba2 Re8) 29. Rxc4
$15 Rc8 $36 {[%mdl 2048] Black has some pressure.} 30. Rxc8+ (30. Rb4 {seems
wilder.} Qa8 31. Nf3 Bd3 32. Ned4 Qd5 33. Rb3) 30... Qxc8 31. Rc1 Qb7 (31...
Qd8 {looks sharper.} 32. a5 Nd5 33. Rc5 Be4 34. Nc6 Qe8) 32. a5 {Black
converts the advantage convincingly.} (32. f3 $11 {keeps the balance.}) 32...
Bd3 $17 33. Nc3 (33. f3 $17 {keeps fighting.}) 33... g4 $1 $19 34. hxg4 Nxg4 {
aiming for ...Qb8.} 35. Rd1 $2 {[#]} (35. f3 Nxe3 36. Kf2) 35... Bg6 $2 (35...
Qc7 $1 $19 {[%csl Gg4][%cal Rc7h2] is more deadly.} 36. Rxd3 Qh2+ 37. Kf1 h3)
36. Bd6 (36. Nde2 $17 {was worth a try.}) 36... Qb2 37. Nde2 {[#]} Bc2 $1 {
[%cal Rc2d1]} 38. Re1 Bd3 {Threatens to win with ...Bxe2.} 39. Bf4 Bxe2 40.
Nxe2 Qd2 {[%cal Rd2e1]} 41. Kf1 f6 42. e4 $2 (42. Bc7 {might work better.})
42... Qxa5 43. f3 Ne5 44. Rd1 (44. Be3 $142) 44... Qb5 45. Bxe5 fxe5 {[%mdl
4096] Endgame KQ-KRN} (45... Qxe5 $2 46. Kf2 $19) 46. Rd5 Qb1+ 47. Kf2 Qb2 48.
f4 Qb6+ 49. Kf3 Qb3+ 50. Kf2 exf4 51. Rg5+ Kf7 52. Rf5+ Ke8 53. Rxf4 a5 {
[%cal Ba6a5,Ba5a4][%mdl 32]} 54. Rf3 (54. Rxh4 {was the only defense.} a4 55.
Rh8+ Ke7 56. Rh7+ Kf6 57. Rh6+ Ke5 58. Rh5+ Kxe4 59. Rh4+ Ke5 60. Rh5+ Kf6 61.
Rh6+ Ke7 62. Rh7+ Kd6 63. Rh6+ Kd5 64. Rh5+ Ke4 65. Rh4+ Ke5 66. Rh5+ Kd6 67.
Rh6+ Kd5 68. Rh5+ Ke4) 54... Qb2 {Black is clearly winning.} 55. Re3 a4 56. Kf3
a3 57. Nc3 a2 58. Nxa2 Qxa2 {KQ-KR} 59. e5 Qe6 60. Kf2 Ke7 61. Rh3 Qb6+ 62. Kf1
Qd4 63. e6 Kxe6 64. Rf3 Ke5 65. Rh3 Kf5 66. Rf3+ Kg4 67. Rh3 Qa1+ 68. Kf2 Qd1
69. Rf3 {[%mdl 32768] Weighted Error Value: White=0.70/Black=0.29. An
unexpected result.} 1/2-1/2

[Event "EICC 2021"]
[Site "Reykjavik"]
[Date "2021.09.04"]
[Round "10.25"]
[White "Petkov, Momchil"]
[Black "Thybo, Jesper Sondergaard"]
[Result "0-1"]
[WhiteElo "2443"]
[BlackElo "2587"]
[Annotator "TA"]
[PlyCount "62"]
[EventDate "2021.08.26"]
[EventType "swiss"]
[EventCountry "ISL"]
[Tiebreak "Cut1 Buchholz"]
[SourceTitle "playchess.com"]
[Source "ChessBase"]
[SourceQuality "1"]

{[%evp 13,62,18,29,16,17,0,36,39,44,18,32,18,38,39,47,54,61,0,63,68,56,64,102,
91,114,107,120,111,115,122,117,128,141,32,75,0,0,0,15,0,0,-257,-243,-340,-315,
-333,-331,-514,-508,-727,-720]} 1. e4 e5 2. Nf3 Nc6 3. Bc4 Bc5 4. d3 Nf6 5. Bg5
h6 6. Bh4 d6 7. c3 {The modern move.} a6 8. Nbd2 {C54: Giuoco Piano: 4 c3 Nf6,
main lines with 5 d4 and 5 d3.} Ba7 9. a4 Qe7 10. O-O {White is slightly
better.} Bg4 $5 {[%mdl 4] [#] A promising side line.} 11. Kh1 $146 ({
Predecessor:} 11. h3 Bd7 12. b4 g5 13. Bg3 Nh5 14. Kh2 Nf4 15. b5 Na5 16. bxa6
bxa6 17. Bxa6 {0-1 (36) Lazov,T (2310)-Anurag,M (2454) Skopje 2017}) 11... g5
12. Bg3 h5 {[#] And now ...h4 would win.} 13. h4 Nh7 14. b4 Nf8 15. Qb1 (15.
Qb3 $14) 15... gxh4 (15... Bxf3 $11 16. Nxf3 g4) 16. Bxh4 $14 f6 17. b5 Nd8 18.
bxa6 bxa6 19. Bxa6 Ng6 20. Bc4 c6 21. a5 Rh7 22. d4 Ne6 23. Bxe6 (23. a6 $16)
23... Qxe6 24. d5 ({Better is} 24. a6 $16) 24... Qc8 $1 $11 {White should
prevent ...Bxf3.} 25. dxc6 ({Much less strong is} 25. Bxf6 $6 Rf7 $14) 25...
Bxf3 26. Nxf3 {Hoping for Qd1.} Qg4 $1 $40 {[%mdl 128] Black is up to no good.}
27. Nh2 $2 {[%mdl 8192]} Qxh4 $19 28. Qb5 {Black must now prevent c7+.} Rc7 ({
Weaker is} 28... Bxf2 29. c7+ Rd7 30. Qb8+ Rxb8 31. cxb8=Q+ Rd8 32. Qb3 $11) ({
Less strong is} 28... Qxe4 29. Rae1 $17) 29. Qd5 Ne7 {[%mdl 64] [#] Double
Attack} 30. Qe6 (30. Qxd6 {might work better.} Rxc6 {[%mdl 64] Double Attack}
31. Qd2) 30... Rxc6 31. Rab1 {Rb7 is the strong threat.} d5 {[%mdl 64]
Discovered Attack.  Weighted Error Value: White=0.62/Black=0.11} 0-1

[Event "EICC 2021"]
[Site "Reykjavik"]
[Date "2021.09.04"]
[Round "10.26"]
[White "Subelj, Jan"]
[Black "Paichadze, Luka"]
[Result "0-1"]
[WhiteElo "2412"]
[BlackElo "2564"]
[Annotator "ChessBase"]
[PlyCount "90"]
[EventDate "2021.08.26"]
[EventType "swiss"]
[EventCountry "ISL"]
[Tiebreak "Cut1 Buchholz"]
[SourceTitle "playchess.com"]
[Source "ChessBase"]
[SourceQuality "1"]
[TimeControl "40/5400+30:1800+30"]

1. e4 {[%emt 0:00:10]} c6 {[%emt 0:00:14]} 2. Nf3 {[%emt 0:01:04]} d5 {[%emt 0:
00:07]} 3. d3 {[%emt 0:00:28]} g6 {[%emt 0:02:45]} 4. Nbd2 {[%emt 0:00:50]} Bg7
{[%emt 0:00:09]} 5. d4 {[%emt 0:00:57]} Nh6 {[%emt 0:01:45]} 6. c3 {[%emt 0:03:
07]} O-O {[%emt 0:00:53]} 7. Be2 {[%emt 0:02:07]} Bg4 {[%emt 0:09:42]} 8. h3 {
[%emt 0:03:35]} Bxf3 {[%emt 0:00:08]} 9. Bxf3 {[%emt 0:00:41]} dxe4 {[%emt 0:
01:25]} 10. Bxe4 {[%emt 0:04:27]} Nd7 {[%emt 0:09:20]} 11. Nf3 {[%emt 0:01:10]}
Re8 {[%emt 0:10:19]} 12. O-O {[%emt 0:03:59]} Nf5 {[%emt 0:07:05]} 13. Bf4 {
[%emt 0:06:39]} Nd6 {[%emt 0:04:13]} 14. Bc2 {[%emt 0:00:24]} Nc4 {[%emt 0:07:
47]} 15. Bb3 {[%emt 0:03:43]} Ncb6 {[%emt 0:10:41]} 16. Ng5 {[%emt 0:03:16]}
Nd5 {[%emt 0:01:56]} 17. Qf3 {[%emt 0:00:48]} e6 {[%emt 0:01:02]} 18. Bd2 {
[%emt 0:02:04]} N7f6 {[%emt 0:01:38]} 19. Qe2 {[%emt 0:15:10]} a5 {[%emt 0:00:
35]} 20. c4 {[%emt 0:05:58]} Ne7 {[%emt 0:00:42]} 21. Bc3 {[%emt 0:01:34]} Nf5
{[%emt 0:00:25]} 22. Rad1 {[%emt 0:00:46]} Qb8 {[%emt 0:03:23]} 23. a4 {
[%emt 0:08:53]} Qf4 {[%emt 0:04:34]} 24. Nf3 {[%emt 0:00:07]} Ne4 {[%emt 0:01:
05]} 25. c5 {[%emt 0:04:01]} Ng5 {[%emt 0:07:49]} 26. Ne5 {[%emt 0:02:01]} Red8
{[%emt 0:01:44]} 27. g3 {[%emt 0:10:33]} Qe4 {[%emt 0:02:45]} 28. Qxe4 {
[%emt 0:01:01]} Nxe4 {[%emt 0:00:01]} 29. g4 {[%emt 0:01:15]} Nh4 {[%emt 0:01:
06]} 30. f3 {[%emt 0:04:43]} Nxc3 {[%emt 0:01:53]} 31. bxc3 {[%emt 0:00:01]}
Bxe5 {[%emt 0:00:12]} 32. dxe5 {[%emt 0:00:04]} Rxd1 {[%emt 0:00:15]} 33. Rxd1
{[%emt 0:00:06]} Nxf3+ {[%emt 0:00:42]} 34. Kf2 {[%emt 0:00:02]} Nxe5 {[%emt 0:
00:58]} 35. Ke3 {[%emt 0:00:04]} g5 {[%emt 0:00:58]} 36. Ke4 {[%emt 0:00:04]}
Ng6 {[%emt 0:00:10]} 37. Rd7 {[%emt 0:00:07]} Rb8 {[%emt 0:00:17]} 38. Rc7 {
[%emt 0:01:34]} Kf8 {[%emt 0:00:52]} 39. Bc4 {[%emt 0:00:09]} Ke8 {[%emt 0:01:
18]} 40. Ba2 {[%emt 0:00:20]} Ne7 {[%emt 0:01:07]} 41. Ke5 {[%emt 0:32:05]} Kd8
{[%emt 0:30:09]} 42. Kd6 {[%emt 0:00:21]} Nc8+ {[%emt 0:00:06]} 43. Rxc8+ {
[%emt 0:00:17]} Rxc8 {[%emt 0:00:06]} 44. Bb1 {[%emt 0:00:05]} h6 {[%emt 0:00:
07]} 45. Be4 {[%emt 0:00:04]} Rc7 {[%emt 0:00:06]} 0-1

[Event "EICC 2021"]
[Site "Reykjavik"]
[Date "2021.09.04"]
[Round "10.27"]
[White "Kjartansson, Gudmundur"]
[Black "Abasov, Nijat"]
[Result "1/2-1/2"]
[WhiteElo "2470"]
[BlackElo "2656"]
[Annotator "TA"]
[PlyCount "80"]
[EventDate "2021.08.26"]
[EventType "swiss"]
[EventCountry "ISL"]
[Tiebreak "Cut1 Buchholz"]
[SourceTitle "playchess.com"]
[Source "ChessBase"]
[SourceQuality "1"]

{[%evp 14,80,14,11,8,17,22,20,25,20,37,44,48,1,51,54,60,52,59,60,54,38,36,35,
39,46,42,5,6,9,21,7,0,0,8,3,10,6,11,10,8,0,13,13,15,0,0,0,0,0,3,0,0,0,3,6,3,2,
3,3,5,0,2,0,0,0,0,0,0]} 1. d4 Nf6 2. c4 e6 3. Nf3 d5 4. g3 Bb4+ 5. Bd2 Be7 6.
Bg2 O-O 7. O-O c6 8. Qc2 a5 {Recently 8...Nbd7 got a lot of attention. E11:
Bogo-Indian.} 9. b3 b5 10. Bf4 Nh5 {[#]} 11. Bc1 $146 ({Predecessor:} 11. Bxb8
Rxb8 12. Nbd2 Nf6 13. e4 dxe4 14. Nxe4 Nxe4 15. Qxe4 bxc4 16. bxc4 c5 17. dxc5
Bxc5 18. Rad1 {0-1 (35) Heinig,W (2289)-Krause,U (2283) Germany 2002}) 11...
Ba6 {[%cal Rb5c4]} 12. Nbd2 Nf6 13. Ne5 Nfd7 14. Nd3 $1 Ra7 15. c5 Bf6 16. Bb2
b4 17. Rab1 Bxd3 18. Qxd3 e5 19. e4 exd4 20. Bxd4 Bxd4 {The position is equal.}
21. Qxd4 Qf6 22. Qxf6 Nxf6 23. Rfd1 g6 24. exd5 cxd5 25. Nf1 Rc7 26. Ne3 Rxc5
27. Nxd5 Kg7 28. Nxf6 Kxf6 29. a3 bxa3 30. Ra1 Ke7 31. Rxa3 Rd8 32. Re1+ (32.
Rda1 {seems wilder.} Rc3 33. Rxa5 Rxb3 34. Rd5 Rd7 35. h4) 32... Kf6 33. Rea1
Rd3 34. Rxa5 Rxa5 35. Rxa5 Rxb3 $11 {KRB-KRN} 36. Bd5 Rd3 37. Kg2 Nd7 38. Ba2
Nf8 39. Ra6+ Ne6 40. Bxe6 fxe6 {Weighted Error Value: White=0.05/Black=0.04}
1/2-1/2

[Event "EICC 2021"]
[Site "Reykjavik"]
[Date "2021.09.04"]
[Round "10.28"]
[White "Ter-Sahakyan, Samvel"]
[Black "Loiseau, Quentin"]
[Result "1/2-1/2"]
[WhiteElo "2624"]
[BlackElo "2466"]
[Annotator "TA"]
[PlyCount "99"]
[EventDate "2021.08.26"]
[EventType "swiss"]
[EventCountry "ISL"]
[Tiebreak "Cut1 Buchholz"]
[SourceTitle "playchess.com"]
[Source "ChessBase"]
[SourceQuality "1"]

{[%evp 20,99,40,13,40,0,14,6,0,0,0,0,0,-7,0,0,0,0,6,12,0,0,60,53,64,19,13,18,
25,29,37,28,54,32,37,33,38,24,32,19,25,0,0,-17,-15,-12,-15,-26,-6,0,-3,-47,0,0,
0,0,0,0,0,0,0,0,0,0,0,0,0,0,0,0,0,0,0,0,0,0,0,0,0,0,0,-75]} 1. e4 c5 2. Nf3 Nc6
3. d4 cxd4 4. Nxd4 Nf6 5. Nc3 e5 6. Ndb5 d6 7. Nd5 Nxd5 8. exd5 Ne7 9. c4 Ng6
10. Qa4 Bd7 11. Qb4 Bf5 {B33: Sicilian: Pelikan and Sveshnikov Variations.} 12.
Be3 (12. h4 $5) 12... a6 13. Nc3 Be7 14. Qxb7 O-O {[#]} 15. Qb3 $146 ({
Predecessor:} 15. O-O-O e4 16. Qb3 Ne5 17. Rd4 Rb8 18. Qa3 Bf6 19. Nxe4 Bxe4
20. Rxe4 Rxb2 21. Qxb2 {1/2-1/2 (90) Cesar Maestre,B (2383)-Movsisyan,T (1943)
Salobrena 2021}) 15... Rb8 16. Qa3 Bg5 17. O-O-O Bxe3+ 18. fxe3 Qb6 19. c5 dxc5
20. Rd2 Qb4 (20... c4 $11 21. e4 Bd7) 21. e4 $14 Bd7 22. Qxb4 ({Avoid the trap
} 22. Bxa6 $2 Ra8 $19) (22. Qxa6 {keeps more tension.} Ra8 23. Qd3 Rfb8 24. Qe3
Ne7 25. h4) 22... cxb4 23. Nd1 Rfc8+ 24. Kb1 a5 25. Ne3 Rc5 26. Bc4 Rbc8 27. b3
Kf8 28. Rc1 Ke7 29. Kb2 f6 30. Ra1 Nh8 31. Nf5+ Kf8 32. Nd6 Rb8 33. Bd3 Nf7 34.
Nxf7 Kxf7 35. Bc4 (35. Rc2 {feels hotter.} Rxc2+ 36. Bxc2 g6 37. a3 bxa3+ 38.
Rxa3 Ra8 39. b4) 35... Bb5 (35... Ke7 {looks sharper.} 36. Kc2 a4 37. Kd3 Kd6
38. Rf2 Rbc8) 36. Rc1 {The position is equal.} Ke7 37. Bxb5 Rbxb5 $11 {[%mdl
4096] Endgame KRR-KRR} 38. Rc4 Kd6 39. Rdc2 h5 40. g3 g6 41. Rf2 f5 42. exf5
gxf5 43. Rxf5 Kxd5 44. Rh4 ({Much worse is} 44. Rxh5 Rxc4 45. bxc4+ Kxc4 $17)
44... Rb7 45. Rf2 ({Much weaker is} 45. Rfxh5 Rbc7 $15) 45... Rh7 46. a3 bxa3+
47. Kxa3 Rc3 48. Rd2+ Ke6 49. Ka4 Rb7 50. Rb2 {Weighted Error Value: White=0.
05/Black=0.07} (50. Rxh5 $11 {remains equal.} Rbxb3 51. Re2) 1/2-1/2

[Event "EICC 2021"]
[Site "Reykjavik"]
[Date "2021.09.04"]
[Round "10.29"]
[White "Gajewski, Grzegorz"]
[Black "Vrolijk, Liam"]
[Result "1/2-1/2"]
[WhiteElo "2617"]
[BlackElo "2480"]
[Annotator "TA"]
[PlyCount "77"]
[EventDate "2021.08.26"]
[EventType "swiss"]
[EventCountry "ISL"]
[Tiebreak "Cut1 Buchholz"]
[SourceTitle "playchess.com"]
[Source "ChessBase"]
[SourceQuality "1"]

{[%evp 11,77,0,0,0,0,0,0,0,12,-4,-3,-39,10,11,41,35,36,38,38,38,38,18,38,38,0,
0,0,-49,-59,-66,52,57,50,47,42,47,51,54,50,46,41,22,18,14,14,2,2,2,2,2,2,2,2,2,
2,0,3,0,0,0,0,0,0,0,0,0,0,-2]} 1. c4 e5 2. Nc3 Nf6 3. e3 Nc6 4. Nf3 Bb4 5. Qc2
Bxc3 6. bxc3 O-O 7. e4 {A28: English Opening: Four Knights Variation.} d6 8.
Be2 Nh5 9. d4 {[#]} f5 $146 ({Predecessor:} 9... Nf4 10. Bxf4 exf4 11. h4 Re8
12. Bd3 Bg4 13. Ng1 f5 14. Kf1 fxe4 15. Bxe4 h6 {1-0 (69) Rapport,R (2621)
-Zaragatski,I (2460) Germany 2013}) 10. exf5 Bxf5 11. Qd1 Qf6 (11... e4 $5 {
[%cal Re4f3]} 12. Ng5 Nf6 $11) 12. O-O Rae8 {[#]} 13. Nxe5 $1 dxe5 14. Bxh5 g6
15. Bf3 exd4 16. Bh6 Rf7 17. Bxc6 Qxc6 18. Qxd4 Rd7 19. Qxa7 (19. Qf4 {feels
hotter.} Re4 20. Qc1 b6 21. Rd1 Rg4 22. g3) 19... b6 $1 {[#] aiming for ...Ra8.
} 20. Qa6 Bd3 ({Black should play} 20... g5 $1 $15 21. Qb5 Qg6) 21. Rfe1 $14
Ra8 22. Qb5 Qxb5 23. cxb5 Bxb5 24. h4 Kf7 25. Re4 Ra4 26. Re5 Bc6 {The
position is equal.} 27. Bg5 Rg4 28. Rae1 Bxg2 29. Re7+ Rxe7 30. Rxe7+ $11 {
[%mdl 4096] Endgame KRB-KRB} Kg8 31. Rxc7 Bd5+ 32. Kf1 Bxa2 33. Ke2 b5 34. f3
Rc4 35. Ra7 {Hoping for Ra8+.} Ra4 36. Rb7 Bd5 37. Rd7 Bc6 38. Rc7 Rc4 {
...Bxf3+! is the strong threat.} 39. Kd2 {Weighted Error Value: White=0.05/
Black=0.08} 1/2-1/2

[Event "EICC 2021"]
[Site "Reykjavik"]
[Date "2021.09.04"]
[Round "10.30"]
[White "Bartel, Mateusz"]
[Black "Juksta, Karolis"]
[Result "1-0"]
[WhiteElo "2611"]
[BlackElo "2438"]
[Annotator "TA"]
[PlyCount "55"]
[EventDate "2021.08.26"]
[EventType "swiss"]
[EventCountry "ISL"]
[Tiebreak "Cut1 Buchholz"]
[SourceTitle "playchess.com"]
[Source "ChessBase"]
[SourceQuality "1"]

{[%evp 9,55,13,26,31,31,0,0,0,0,-6,0,0,0,-17,18,16,39,36,45,41,123,104,112,118,
115,118,125,128,206,181,317,208,233,253,282,187,175,151,195,165,222,234,486,
482,479,476,862,766]} 1. c4 e5 2. Nc3 Bb4 3. Nd5 Bc5 4. e3 Nf6 5. b4 Nxd5 6.
bxc5 {A21: English Opening: 1...e5 2 Nc3.} Nf6 7. d4 exd4 8. exd4 {The
position is equal.} O-O 9. Bd3 b6 10. Ne2 bxc5 {[#]} 11. dxc5 $146 ({
Predecessor:} 11. O-O d5 12. dxc5 Ba6 13. Bg5 dxc4 14. Bf5 Qxd1 15. Rfxd1 Bc8
16. Bxc8 {1/2-1/2 (16) Nitz,M (2134)-Medina,M (2298) ICCF email 2017}) 11...
Nc6 12. O-O Re8 13. Nc3 Ne5 14. Bg5 Bb7 {[#]} (14... h6 $14 15. Bf4 d6) 15.
Bxh7+ $1 $16 {[%mdl 576] Decoy} Kxh7 16. Qb1+ {[%mdl 64] Double Attack} Kg8 {
Threatens to win with ...Rb8.} 17. Qxb7 Rb8 18. Qxa7 Nc6 (18... Ra8 $16 {
might work better.} 19. Qb7 Rb8 20. Bxf6 Rxb7 21. Bxd8 Rxd8) 19. Qa3 {And now
Nd5 would win.} Re5 (19... Ra8 $142 20. Qb2 Qb8 21. Qxb8 Rexb8 22. Bxf6 gxf6)
20. h4 Nd4 21. Rad1 Ne6 22. Rfe1 Rxe1+ 23. Rxe1 {aiming for Nd5.} Ra8 24. Qb4
Nxg5 (24... c6 $142 25. Qb6 Rb8 26. Bxf6 gxf6 27. Qxd8+ Rxd8) 25. hxg5 $18 Nh5
(25... Nh7 {keeps fighting.} 26. g6 Nf6) 26. Nd5 {White is clearly winning.}
Qxg5 27. Qb7 Rxa2 (27... Rf8 $142 28. Qxc7 Qd2) 28. Qb8+ {Weighted Error Value:
White=0.15/Black=0.38} 1-0

[Event "EICC 2021"]
[Site "Reykjavik"]
[Date "2021.09.04"]
[Round "10.31"]
[White "Bosiocic, Marin"]
[Black "Vogel, Roven"]
[Result "0-1"]
[WhiteElo "2610"]
[BlackElo "2441"]
[Annotator "TA"]
[PlyCount "70"]
[EventDate "2021.08.26"]
[EventType "swiss"]
[EventCountry "ISL"]
[Tiebreak "Cut1 Buchholz"]
[SourceTitle "playchess.com"]
[Source "ChessBase"]
[SourceQuality "1"]

{[%evp 11,70,35,55,15,40,34,49,2,20,0,2,-27,18,-8,-9,-50,26,40,58,0,28,0,24,-4,
13,27,17,20,144,29,22,33,25,35,32,22,26,6,6,6,6,-29,-28,-82,-80,-82,-72,-137,
-128,-170,-172,-205,-197,-199,-194,-237,-237,-5257,-2314,-1773,-1629]} 1. d4
Nf6 2. c4 g6 3. Nc3 d6 4. e4 Nbd7 5. Bd3 Bg7 6. Nge2 O-O 7. h3 {E70: King's
Indian: Miscellaneous lines with 4 e4, including 5 Nge2 and 5 Bd3 0-0 6 Nge2.}
a6 8. Be3 {[#]} Rb8 $146 ({Predecessor:} 8... c5 9. O-O b6 10. a4 cxd4 11. Nxd4
Bb7 12. b4 Rc8 13. Nf3 a5 14. Rb1 axb4 15. Rxb4 {1-0 (37) Sokolov,I (2655)
-McShane,L (2620) London 2009}) 9. g4 {White is slightly better.} c5 10. a4 e6
11. Qd2 Qc7 12. b3 cxd4 13. Nxd4 d5 (13... b6 $15) 14. exd5 $11 exd5 15. cxd5 (
15. g5 $1 $14 Ne4 16. Nxd5 (16. Nxe4 dxe4 17. Bxe4 Nc5 $15) 16... Nxd2 17. Nxc7
Bxd4 18. Kxd2 Bxa1 19. Rxa1) 15... Qa5 16. Bc4 Nb6 17. Rd1 Nxc4 18. bxc4 {
[%cal Bb3c4,Bc4c5][%mdl 32]} Qb4 19. c5 {Threatening 0-0.} Rd8 {[#]} (19... Qc4
$11) 20. Nc2 (20. O-O $1 $16) 20... Qc4 21. Qd3 Qxd3 22. Rxd3 Be6 {[%cal Rf6d5]
} 23. Nb4 a5 24. dxe6 axb4 25. Rxd8+ Rxd8 26. exf7+ Kxf7 27. Nb5 (27. Nb1 $11 {
remains equal.}) 27... Ne4 $17 28. Ke2 b3 {[%cal Bb4b3,Bb3b2][%mdl 32]} 29. Kf3
{[#]} ({Better is} 29. Rb1 b2 30. f3 Nc3+ 31. Nxc3 Bxc3 32. h4) 29... Nd2+ $1
30. Bxd2 Rxd2 {KRB-KRN} 31. Re1 {aiming for Nd6+.} b2 {Threatens to win with ..
.Rc2.} 32. Nd6+ Kg8 33. a5 Rc2 {Strongly threatening ...Rc1.} 34. Nxb7 $2 (34.
a6 Rc3+ 35. Kg2 bxa6 36. Re8+ Bf8 37. Rb8 Rxc5 38. Rxb2 Bxd6 39. Rb6) 34... Rc1
$19 35. Re8+ Bf8 {Weighted Error Value: White=0.57/Black=0.22} 0-1

[Event "EICC 2021"]
[Site "Reykjavik"]
[Date "2021.09.04"]
[Round "10.32"]
[White "Saraci, Nderim"]
[Black "Parligras, Mircea-Emilian"]
[Result "1/2-1/2"]
[WhiteElo "2455"]
[BlackElo "2591"]
[Annotator "TA"]
[PlyCount "93"]
[EventDate "2021.08.26"]
[EventType "swiss"]
[EventCountry "ISL"]
[Tiebreak "Cut1 Buchholz"]
[SourceTitle "playchess.com"]
[Source "ChessBase"]
[SourceQuality "1"]

{[%evp 13,93,0,4,4,9,-16,0,-19,0,-3,-4,-29,-35,-45,-43,-54,-53,-54,-54,-56,-56,
-52,-53,-54,-41,-53,-44,-58,-52,-62,-52,-55,-46,-43,-39,-43,-38,-34,-19,-32,
-16,-32,-33,-44,-44,-55,-51,-60,-56,-62,-12,-12,0,-15,0,0,0,-34,-34,-34,-34,
-34,0,0,0,0,0,0,0,0,0,0,0,0,0,0,0,0,0,0,0,0]} 1. d4 Nf6 2. Nf3 e6 3. c4 c5 4.
Nc3 cxd4 5. Nxd4 d5 6. cxd5 Nxd5 7. Bd2 Be7 8. e3 {A32: Symmetrical English: 2
Nf3 Nf6 3 d4 cxd4 4 Nxd4 e6.} O-O 9. Bc4 Nf6 10. Qc2 Bd7 11. O-O Nc6 {[#]} 12.
Rad1 $146 ({Predecessor:} 12. Nf3 Rc8 13. Rac1 a6 14. Qb1 b5 15. Bd3 {1/2-1/2 
(15) Gerull,C-Glaser,K CServe email 1998}) 12... Nxd4 13. exd4 Rc8 14. Qb3 Qc7
15. Bb5 Bxb5 16. Qxb5 Rfd8 17. Rc1 a6 18. Qb3 Qb8 ({Reject} 18... Rxd4 $6 {[#]}
19. Nb5 $1 $14) (18... Qd7 {seems wilder.} 19. h3 b5 20. Ne2 Nd5 21. Qd3 Bf6)
19. Ne2 Nd5 20. g3 Bf6 21. a4 b6 22. Rxc8 Rxc8 23. Rc1 Rxc1+ 24. Bxc1 Qc8 25.
Qd3 h6 (25... h5 {is interesting.} 26. Be3 h4 27. Nc3 Nb4 28. Qd1 h3) 26. Bd2
Qb7 27. b3 b5 28. axb5 axb5 29. Nc3 Nxc3 30. Qxc3 Qe4 31. Be3 h5 32. h4 Qb1+
33. Kg2 Qd1 34. b4 g6 35. Qc8+ Kg7 36. Qc5 Qd3 37. Kg1 Qf5 (37... Qb1+ {
with more complications.} 38. Kh2 Qf5 39. Kg2 Qe4+ 40. Kg1 Qd5) 38. Bg5 {
The position is equal.} Qd5 39. Bxf6+ Kxf6 $11 {[%mdl 4096] Endgame KQ-KQ} 40.
Kf1 Kg7 41. Ke2 Kf6 42. Ke3 {[#] Black must now prevent Qxd5.} Qb3+ 43. Kf4 Qd3
44. Qe5+ Ke7 45. Qc5+ Kf6 $1 46. Qe5+ Ke7 47. Qc5+ {Weighted Error Value:
White=0.05/Black=0.07} 1/2-1/2